| 000 | 01746nam a2200301Ia 4500 | ||
|---|---|---|---|
| 999 |
_c55211 _d55211 |
||
| 001 | 22286 | ||
| 003 | GE_BSU | ||
| 005 | 20230224160404.0 | ||
| 008 | 181216s2003||||ge |||||||||||||| ||geo|| | ||
| 020 | _a99928-65-93-8 | ||
| 040 | _cGE_BSU | ||
| 041 | _ageo | ||
| 080 | _a81'35 + 003.341 ჩ-77 | ||
| 100 |
_aჩოთალიშვილი, ლელა _915594 |
||
| 245 |
_aეგეოსურ დამწერლობათა სისტემები / _cლელა ჩოთალიშვილი ; რედაქტორი რისმაგ გორდეზიანი. |
||
| 264 |
_aთბილისი : _bლოგოსი, _c2003. |
||
| 300 |
_a241გვ. ; _c20 სმ. |
||
| 490 | _aპროგრამა "ლოგოსი" | ||
| 500 | _aპუბლიკაციები და და ღონისძიებები კლასიკურ ფილოლოგიურ, ბიზანტიკურ და ნეოგრეცისტულ სფეროში | ||
| 541 | _h5 ლ. | ||
| 653 | _aბალკანური დამწერლობა | ||
| 653 | _aკვიპროსული დამწერლობები | ||
| 653 | _aეგეოსურ დამწერლობათა სისტემები | ||
| 653 | _aპიქტოგრაფიული დამწერლობა | ||
| 700 |
_a გორდეზიანი, რისმაგ _eრედაქტორი _917040 |
||
| 710 |
_aთსუ _bკლასიკური ფილოლოგიის, ბიზანტინისტიკისა და ნეოგრეცისტიკის ინსტიტუტი _916969 |
||
| 942 |
_cBK _2udc |
||